Riflessioni sul tema per un codice deontologico per la consulenza familiare (Record no. 226320)
[ view plain ]
| 000 -LEADER | |
|---|---|
| fixed length control field | 00907nas a2200265Ia 4500 |
| 001 - CONTROL NUMBER | |
| control field | A09/R108-26640 [r000020357] |
| 003 - CONTROL NUMBER IDENTIFIER | |
| control field | IT-MiCISF |
| 008 - FIXED-LENGTH DATA ELEMENTS--GENERAL INFORMATION | |
| fixed length control field | 161014c99999999xx |||||||||||| ||und|| |
| 040 ## - CATALOGING SOURCE | |
| Original cataloging agency | IT-MiCISF |
| Transcribing agency | IT-MiCISF |
| 041 ## - LANGUAGE CODE | |
| Language code of text/sound track or separate title | ITALIANO |
| 999 ## - SYSTEM CONTROL NUMBERS (KOHA) | |
| Koha Dewey Subclass [OBSOLETE] | Si |
| 100 ## - MAIN ENTRY--PERSONAL NAME | |
| Personal name | Cappelli von Berger Elena |
| 210 ## - ABBREVIATED TITLE | |
| Abbreviated title | Il consulente familiare |
| 222 ## - KEY TITLE | |
| Key title | Il consulente familiare |
| 245 #0 - TITLE STATEMENT | |
| Title | Riflessioni sul tema per un codice deontologico per la consulenza familiare |
| 250 ## - EDITION STATEMENT | |
| Edition statement | 1a ed. |
| 260 ## - PUBLICATION, DISTRIBUTION, ETC. (IMPRINT) | |
| Date of publication, distribution, etc. | 1998 |
| 300 ## - PHYSICAL DESCRIPTION | |
| Extent | pp. 12-23 |
| 362 ## - DATES OF PUBLICATION AND/OR SEQUENTIAL DESIGNATION | |
| Dates of publication and/or sequential designation | n. 1, gennaio-marzo [1998] |
| 501 ## - WITH NOTE | |
| -- | CISF - Centro Internazionale Studi Famiglia - Via Giotto, 36 20145 MILANO (non commercial uses only) |
| -- | Copyright 2016 |
| 500 ## - GENERAL NOTE | |
| General note | Cardellicchio G. Tema: consulenza, famiglia, consulenti, etica |
| 650 ## - SUBJECT ADDED ENTRY--TOPICAL TERM | |
| Topical term or geographic name as entry element | FAMIGLIA - consulenza familiare |
| Form subdivision | dossier |
| 700 ## - ADDED ENTRY--PERSONAL NAME | |
| Personal name | AA.VV. |
| 942 ## - ADDED ENTRY ELEMENTS (KOHA) | |
| Koha item type | RIVISTA |
| 957 ## - | |
| -- | 1 |
| 999 ## - SYSTEM CONTROL NUMBERS (KOHA) | |
| -- | 1 |
| Withdrawn status | Lost status | Damaged status | Not for loan | Home library | Current library | Date acquired | Total Checkouts | Full call number | Date last seen | Price effective from | Koha item type | Public note |
|---|---|---|---|---|---|---|---|---|---|---|---|---|
| Buone Condizioni | Not For Loan | CISF - Milano | CISF - Milano | 14/10/2016 | A09/R108-26640 [r000020357] | 14/10/2016 | 14/10/2016 | RIVISTA | Data import 15.10.2016 / by Epidotti, Vaglietti |